00189nam a2200085Ia 4500008004100000100001400041245003100055260000800086260000900094170617s9999 xx 000 0 und d aVyas -S.P 0aNovel Drug Delevery System bCBS c2009